| 000 | 00361 a2200169 4500 | ||
|---|---|---|---|
| 001 | 170228 | ||
| 020 | _a85-262-2763-7 | ||
| 040 | _cMagnum | ||
| 100 | _aCarr, Stella | ||
| 240 | 1 | 0 |
_aSentença de morte _lpor |
| 245 | 1 | 0 | _aSentença de morte |
| 300 | _a184 | ||
| 362 | 0 | _a1996 | |
| 440 | 1 | _aScipione | |
| 697 | _aLITERATURA INFANTO-JUVENIL | ||
| 942 | _cBK | ||
| 999 |
_c170228 _d170228 |
||